000 01308nam a22002057a 4500
999 _c59316
_d59316
003 Ge_BSU
005 20230117113627.0
008 230117s2022 ge ||||| |||| 00| 0 geo d
041 _ageo
080 _a339 ს-53
100 _aსირაბიძე, ნათია
_916709
245 _aსოციალური მედიის ეფექტიანი მექანიზმები და მათი გავლენა მომხმარებელთა ქცევაზე :
_bდისერტაცია /
_cნათია სირაბიძე; სამეცნიერო ხელმძღვანელი გელა მამულაძე; ბსუ. ბიზნესის ადმინისტრირების, მენეჯმენტისა და მარკეტინგის დეპარტამენტი.
264 _aბათუმი,
_c2022.
300 _a201 გვ.;
_b30 სმ.
504 _aბიბლიოგრ. გვ. 183-201
653 _aბიზნესის ადმინისტრირება
653 _aდისერტაცია
700 _aმამულაე, გელა
_eსამეცნიერო ხელმძღვანელი
_916710
942 _2udc
_cDS